Ceremonial empresarial : el ceremonial de relaciones públicas /

Detalles Bibliográficos
Autor principal: Di Génova, Antonio Ezequiel (Autor)
Formato: Electrónico eBook
Lenguaje:español
Publicado: Ituzaingó, Buenos Aires, Argentina : Ugerman Editor, [2019]
Edición:2o edición ampliada.
Colección:Colección Temática empresarial.
Materias:
Acceso en línea:Digitalia Hispánica

MARC

LEADER 00000nam a2200000Ii 4500
001 DIGUGERM0006
003 NyNyDIG
006 m o d
007 cr |||||||||||
008 240606s2019 ag a ob 000 0 spa d
035 |a (OCoLC)1437904237 
040 |a DGITA  |b eng  |e rda  |e pn  |c DGITA 
020 |a 9789879468715  |q eBook 
020 |z 9789879468708 
050 1 4 |a HD59 ebook 
100 1 |a Di Génova, Antonio Ezequiel,  |e author. 
245 1 0 |a Ceremonial empresarial :  |b el ceremonial de relaciones públicas /  |c Antonio Ezequiel Di Génova. 
246 3 0 |a Ceremonial de relaciones públicas 
250 |a 2o edición ampliada. 
264 1 |a Ituzaingó, Buenos Aires, Argentina :  |b Ugerman Editor,  |c [2019] 
300 |a 1 online resource :  |b illustrations. 
336 |a text  |b txt  |2 rdacontent 
337 |a computer  |b c  |2 rdamedia 
338 |a online resource  |b cr  |2 rdacarrier 
347 |a text file  |2 rdaft 
347 |b PDF 
504 |a Includes bibliographical references. 
588 0 |a Online resource; title from PDF title page (Digitalia, viewed June 6, 2024) 
650 0 |a Public relations. 
650 0 |a Special events  |x Management. 
791 2 |a Digitalia (Firm),  |e distributor. 
793 0 |g Digitalia eBook Collection:  |a Ugerman Editor 
776 0 8 |i Print version:  |a Di Génova, Antonio Ezequiel.  |t Ceremonial empresarial.  |b 2o edición ampliada.  |d Ituzaingó, Buenos Aires, Argentina : Ugerman Editor, [2019]  |z 9789879468708 
830 0 |a Colección Temática empresarial. 
856 4 0 |3 Digitalia Hispánica  |u https://www.digitaliapublishing.com/a/137103/ 
910 |a Premium collection: 2024